Alle Vereine, gegen die Cristiano Ronaldo getroffen hat - Statistiken

Allgemein
  • Dieses Quiz wurde 870 mal gespielt
  • Das Durchschnittsergebnis liegt bei 53 aus 153
Antwortstatistiken
Wettbewerb Tore Land Verein % Korrekt
Premier League 3 Manchester City
87%
FA Cup 1 Manchester City
87%
UEFA Champions League 1 ENG Manchester City
87%
UEFA Champions League 9 GER FC Bayern München
84%
LaLiga 9 FC Barcelona
83%
Copa del Rey 5 FC Barcelona
83%
Supercopa de España 4 FC Barcelona
83%
UEFA Champions League 2 ESP FC Barcelona
83%
UEFA Champions League 7 GER Borussia Dortmund
82%
UEFA Champions League 10 ITA Juventus Turin
78%
Premier League 2 FC Liverpool
75%
UEFA Champions League 1 ENG FC Liverpool
75%
LaLiga 12 Atlético Madrid
74%
Copa del Rey 6 Atlético Madrid
74%
UEFA Champions League 7 ESP Atlético Madrid
74%
Premier League 4 FC Arsenal
74%
UEFA Champions League 2 ENG FC Arsenal
74%
UEFA Champions League 1 ENG FC Chelsea
74%
Serie A 2 AC Mailand
73%
Coppa Italia 1 AC Mailand
73%
Supercoppa Italia 1 AC Mailand
73%
UEFA Champions League 2 ITA AC Mailand
73%
UEFA Champions League 3 ENG Manchester United
69%
UEFA Champions League 3 FRA Paris Saint-Germain
69%
UEFA Champions League 1 POR FC Porto
68%
Premier League 4 Tottenham Hotspur
68%
FA Cup 2 Tottenham Hotspur
68%
UEFA Champions League 4 ENG Tottenham Hotspur
68%
Serie A 2 Inter Mailand
66%
Coppa Italia 2 Inter Mailand
66%
UEFA Champions League 1 ITA Inter Mailand
66%
UEFA Champions League 9 NED Ajax Amsterdam
65%
FA Cup 1 Aston Villa
62%
UEFA Champions League 7 GER FC Schalke 04
61%
Serie A 4 AS Rom
59%
Coppa Italia 1 AS Rom
59%
UEFA Champions League 5 ITA AS Rom
59%
Supercoppa Italia 1 SSC Neapel
56%
UEFA Champions League 2 GER Bayer 04 Leverkusen
55%
UEFA Champions League 6 FRA Olympique Lyon
55%
UEFA Champions League 6 TUR Galatasaray Istanbul
54%
LaLiga 25 FC Sevilla
52%
UEFA Super Cup 2 ESP FC Sevilla
52%
LaLiga 15 FC Valencia
52%
UEFA Champions League 2 FRA Olympique Marseille
51%
LaLiga 15 Athletic Bilbao
48%
LaLiga 6 Betis Sevilla
47%
Premier League 4 FC Everton
46%
FA Cup 1 FC Everton
46%
Premier League 7 Newcastle United
46%
FA Cup 1 Newcastle United
46%
UEFA Champions League 5 UKR Shakhtar Donetsk
46%
Serie A 3 Atalanta Bergamo
45%
UEFA Champions League 4 UKR Dynamo Kiew
45%
Serie A 5 Lazio Rom
45%
UEFA Champions League 3 GER VfL Wolfsburg
45%
UEFA Champions League 3 POR Sporting Lissabon
44%
UEFA Champions League 3 DEN FC Kopenhagen
43%
Premier League 6 West Ham United
42%
LaLiga 7 RCD Mallorca
40%
LaLiga 15 Real Sociedad
40%
Serie A 3 SSC Neapel
40%
UEFA Champions League 2 SUI FC Basel
39%
UEFA Champions League 6 SWE Malmö FF
39%
LaLiga 15 Espanyol Barcelona
38%
Premier League 8 Aston Villa
36%
LaLiga 23 FC Getafe
35%
UEFA Champions League 6 CYP APOEL Nikosia
34%
UEFA Champions League 1 SUI BSC Young Boys
34%
LaLiga 17 FC Málaga
34%
Serie A 3 AC Florenz
33%
Premier League 7 FC Fulham
30%
UEFA Champions League 2 SUI FC Zürich
30%
Premier League 1 FC Southampton
28%
FA Cup 1 FC Southampton
28%
LaLiga 13 FC Villarreal
28%
UEFA Champions League 1 ESP FC Villarreal
28%
Serie A 7 Udinese Calcio
28%
LaLiga 15 Celta Vigo
27%
Copa del Rey 5 Celta Vigo
27%
UEFA Champions League 3 RUS ZSKA Moskau
26%
Serie A 2 FC Bologna
25%
Serie A 4 FC Turin
25%
Serie A 5 Sampdoria Genua
24%
LaLiga 7 FC Elche
23%
LaLiga 4 FC Girona
23%
Serie A 3 Hellas Verona
23%
LaLiga 11 CA Osasuna
22%
Copa del Rey 1 CA Osasuna
22%
LaLiga 11 UD Levante
22%
Copa del Rey 3 UD Levante
22%
Serie A 6 US Sassuolo
22%
LaLiga 12 FC Granada
21%
LaLiga 12 Rayo Vallecano
21%
Premier League 2 Birmingham City
20%
Serie A 6 Parma Calcio
20%
Premier League 1 AFC Sunderland
19%
LaLiga 13 Deportivo La Coruña
19%
LaLiga 5 Deportivo Alavés
18%
LaLiga 3 Real Valladolid
18%
Premier League 1 FC Watford
17%
FA Cup 1 FC Watford
17%
LaLiga 3 UD Las Palmas
17%
Serie A 8 Cagliari Calcio
16%
UEFA Champions League 1 HUN Ferencváros Budapest
16%
Serie A 1 US Lecce
16%
Premier League 3 Blackburn Rovers
15%
Serie A 5 CFC Genua
15%
LaLiga 7 SD Eibar
15%
Premier League 6 FC Portsmouth
14%
Premier League 2 Stoke City
14%
Premier League 2 Hull City
13%
LaLiga 7 Real Saragossa
13%
LaLiga 7 UD Almería
13%
Premier League 3 West Bromwich Albion
13%
EFL Cup 1 West Bromwich Albion
13%
Premier League 6 Bolton Wanderers
11%
Serie A 2 FC Empoli
11%
Premier League 2 Derby County
10%
FA Cup 1 Derby County
10%
EFL Cup 1 Derby County
10%
LaLiga 6 Sporting Gijón
10%
Primeira Liga 1 Boavista Porto
8%
LaLiga 1 CD Teneriffa
8%
LaLiga 6 Racing Santander
8%
Serie A 3 Spezia Calcio
8%
Premier League 6 Wigan Athletic
7%
EFL Cup 1 Wigan Athletic
7%
Premier League 2 FC Middlesbrough
6%
FA Cup 2 FC Middlesbrough
6%
EFL Cup 1 FC Middlesbrough
6%
Premier League 4 FC Reading
6%
LaLiga 2 Hércules Alicante
6%
UEFA Champions League 2 BUL Ludogorez Rasgrad
6%
Copa del Rey 1 Real Murcia
6%
UEFA Champions League 1 HUN Debreceni VSC
4%
FA Cup 1 FC Millwall
4%
Serie A 3 SPAL
4%
Premier League 1 Charlton Athletic
3%
LaLiga 4 Deportivo Xerez
3%
LaLiga 1 FC Córdoba
3%
Serie A 2 Frosinone Calcio
3%
UEFA Champions League 1 FRA AJ Auxerre
2%
FIFA Klub-Weltmeisterschaft 1 MEX CF América
2%
Serie A 2 FC Crotone
2%
FIFA Klub-Weltmeisterschaft 1 JAP Gamba Osaka
2%
FIFA Klub-Weltmeisterschaft 3 JAP Kashima Antlers
2%
Primeira Liga 2 Moreirense FC
2%
FA Cup 1 Exeter City
1%
FIFA Klub-Weltmeisterschaft 1 UAE al-Jazira Club
0%
Taça de Portugal 1 CD Estarreja
0%
Taça de Portugal 1 FC Oliveiro do Hospital
0%
Copa del Rey 1 SD Ponferradina
0%
Keine übereinstimmenden Quizze gefunden
Verteilung der Resultate
Anzahl Personen mit jedem Resultat
Perzentil nach korrekt beantworteten Fragen
Ihre Resultats-Entwicklung
Sie haben dieses Quiz noch nicht gespielt